[Event "Basso Veronese op 1st"]
[Site "Casaleone"]
[Date "2008.11.22"]
[Round "4"]
[White "Di Natale, Gianluca"]
[Black "Del Colle, Raffaele"]
[Result "1/2-1/2"]
[WhiteElo "1368"]
[BlackElo "1617"]
[PlyCount "98"]
[EventDate "2008.11.15"]
[EventType "swiss"]
[EventRounds "6"]
[EventCountry "ITA"]
[SourceTitle "EXT 2011"]
[Source "ChessBase"]
[SourceDate "2010.11.26"]
[SourceVersion "1"]
[SourceVersionDate "2010.11.26"]
[SourceQuality "1"]

1. e4 c5 2. Bc4 e6 3. Nc3 d6 4. d3 Nf6 5. Bg5 Be7 6. a3 Nc6 7. f4 a6 8. Nf3 Qc7 9. 0-0 0-0 10. Re1 e5 11. f5 b5 12. Ba2 Bb7 13. Bxf6 Bxf6 14. Nd5 Qd8 15. Qd2 Rc8 16. g4 h6 17. Nxf6+ Qxf6 18. g5 hxg5 19. Qxg5 Qxg5+ 20. Nxg5 Nd4 21. Rac1 Rc7 22. c3 Nc6 23. Re2 Rfc8 24. Bd5 Na5 25. Bxb7 Nxb7 26. Rg2 Kf8 27. Kh1 Nd8 28. Nh7+ Kg8 29. Nf6+ Kf8 30. Nh5 f6 31. Rcg1 Rf7 32. Rxg7 Rcc7 33. Rxf7+ Rxf7 34. Rg6 Ke7 35. Kg2 Nc6 36. Kf3 a5 37. Kg4 a4 38. Ng3 b4 39. Ne2 Kf8 40. Kf3 Ne7 41. Rg2 b3 42. c4 Nc6 43. Ke3 Rh7 44. Kd2 Nd4 45. Nxd4 cxd4 46. Ke1 Rh3 47. Rd2 Ke7 48. Kf1 Kf7 49. Kg2 Re3 1/2-1/2